000
00258nam a2200109Ia 4500
008
231212s1986 xx 000 0 und d
041
_a
eng
082
_a
621.381
100
_a
Mileat Harry
245
_a
Electronic Vol. I
260
_a
New Delhi
_b
McGrowh
_c
1986
999
_c
959212
_d
959212